| 000 | 00711 am a2200205 4500 | ||
|---|---|---|---|
| 001 | 173714 | ||
| 003 | ES-MaACL | ||
| 005 | 20230906215325.0 | ||
| 008 | 100113s2008 sp a | |||||||| | spa d | ||
| 020 | _a978-84-935656-9-5 | ||
| 040 |
_aSpMaBN _bspa _cSpMaBN _erdc |
||
| 080 | _a1 Díaz Díaz, Gonzalo (082.2) | ||
| 245 | 0 | 3 |
_aLa filosofía española inventariada _b: homenaje a Gonzalo Díaz Díaz / _cSantiago Arroyo Serrano (coordinador). |
| 260 |
_a[Ciudad Real] : _bAlmud, _c[2008] |
||
| 300 |
_a85 p. : _bil. ; _c20 cm. |
||
| 600 | 1 | 4 |
_aDíaz Díaz, Gonzalo- _vHomenajes. _9141911 |
| 700 | 0 |
_aDíaz Díaz, Gonzalo. _944264 |
|
| 700 | 1 |
_aArroyo Serrano, Gonzalo. _9141912 |
|
| 852 |
_aES-MaACL _jL-8731 |
||
| 999 |
_c173714 _d173714 |
||